Król Edyp /
I tiakina i:
| Kaituhi matua: | |
|---|---|
| Kaituhi rangatōpū: | |
| Ētahi atu kaituhi: | , , |
| Hōputu: | Pukapuka |
| Reo: | Pōrihi |
| I whakaputaina: |
Kraków :
Wydawnictwo Greg,
[2004].
|
| Putanga: | [Wyd. 1]. |
| Rangatū: | Lektura (Greg)
|
| Ngā marau: | |
| Ngā Tūtohu: |
Kāore He Tūtohu, Me noho koe te mea tuatahi ki te tūtohu i tēnei pūkete!
|
MARC
| LEADER | 00000nam a2200000 i 4500 | ||
|---|---|---|---|
| 001 | 991014183789705066 | ||
| 005 | 20260515140226.0 | ||
| 008 | 130221s2005 pl a |001 0 pol | ||
| 020 | |a 8373273190 | ||
| 035 | |a 991014183789705066 | ||
| 035 | |a (PL-WaBN)b28302084-48omnis_nlop | ||
| 035 | |a b28302084 | ||
| 035 | |a (OCoLC)749662801 | ||
| 035 | |a zz2005855930 | ||
| 035 | |a (PL)b0000002830208 | ||
| 035 | |a (EXLNZ-48OMNIS_NETWORK)9910188621705606 | ||
| 040 | |a WA N |c WA N |d WA N |d ZDU_1 |d OLSZT W |d WA N | ||
| 041 | 1 | |a pol | |
| 044 | |a pl | ||
| 080 | |a (075.3-021.66) | ||
| 080 | |a 821.14(091)-2 | ||
| 080 | |a 821.14-2 | ||
| 090 | |c 77 |d 76 | ||
| 100 | 0 | |a Sofokles |d (ok. 496-406 p.n.e.) | |
| 240 | 1 | 0 | |a Oidípous Týrannos |l (pol.) |
| 245 | 1 | 0 | |a Król Edyp / |c Sofokles ; przeł. Kazimierz Morawski ; oprac. Wojciech Rzehak ; [il. Jolanta Adamus Ludwikowska]. |
| 246 | 1 | |i Tyt. oryg.: |a Antigone | |
| 250 | |a [Wyd. 1]. | ||
| 260 | |a Kraków : |b Wydawnictwo Greg, |c [2004]. | ||
| 300 | |a 88 s. : |b il. ; |c 21 cm. | ||
| 490 | 1 | |a Lektura : wydanie z opracowaniem | |
| 500 | |a Na s. tyt.: Notatki na marginesie, cytaty, które warto znać, streszczenie. | ||
| 500 | |a W obrębie wydania część nakładu z datą: 2002, 2003, 2004 r. | ||
| 504 | |a Indeks. | ||
| 600 | 0 | 7 | |a Sofokles |d (ok. 496-406 p.n.e.). |
| 650 | 0 | 4 | |a Dramat grecki klasyczny |
| 651 | 7 | |a Teby (Grecja) | |
| 700 | 1 | |a Ludwikowska, Jolanta |d (1962- ) |e Ilustracje | |
| 700 | 1 | |a Morawski, Kazimierz |d (1852-1925) |e Tłumaczenie | |
| 700 | 1 | |a Rzehak, Wojciech |d (1967- ) |e Opracowanie | |
| 710 | 2 | |a Wydawnictwo Greg | |
| 830 | 0 | |a Lektura (Greg) | |
| 920 | |a 83-7327-319-0 | ||
| 942 | |c K | ||
| 952 | |0 0 |1 0 |4 0 |6 R__58_000000000000000 |7 0 |9 75 |a RYT |b RYT |d 2026-04-26 |e 1/2026 |g 10.00 |l 0 |o R.58 |p 2000000000589 |r 2026-05-15 14:02:26 |w 2026-05-15 |y BK |z da | ||
| 999 | |c 75 |d 75 | ||